Prowincje Belgii - Statystyki

Ogólne statystyki
  • Ten quiz został rozwiązany 295 razy
  • Średni wynik to 4 z 20
Odpowiedzi na mapie
Odpowiedzi zakodowano w zielono-czerwonej skali na mapie do tego quizu, zgodnie z poniższymi procentami.
 
Statystyki odpowiedzi
Typ Nazwa jednostki % Poprawnych
Prowincja Antwerpia
66%
Prowincja Liège
48%
Prowincja Flandria Zachodnia
39%
Prowincja Flandria Wschodnia
34%
Prowincja Namur
33%
Prowincja Limburgia
29%
Prowincja Brabancja Flamandzka
24%
Prowincja Brabancja Walońska
22%
Regiony autonomiczne Waloński
19%
Regiony autonomiczne Flamandzki
18%
Prowincja Luksemburgia
18%
Prowincja Hainaut
16%
Wspólnota Francuska
14%
Wspólnota Flamandzka
12%
Regiony autonomiczne Stołeczny Brukseli
12%
Region językowy francuskojęzyczny
10%
Wspólnota Niemieckojęzyczna
10%
Region językowy niemieckojęzyczny
8%
Region językowy niderlandzkojęzyczny
7%
Region językowy dwujęzyczny Region Brukseli
6%
Nie znaleziono quizów pasujących do podanych kryteriów
Rozkład punktacji
Procent ludzi z każdym wynikiem
Percentyl według liczby udzielonych odpowiedzi
Twoja historia wyników
Nie rozwiązałeś tego quizu